Women's agency and social change : (Record no. 82645)

MARC details
000 -LEADER
fixed length control field 01028nam a22002657a 4500
005 - DATE AND TIME OF LATEST TRANSACTION
control field 20140220123024.0
010 ## - LCCN (DPL NO)
LC control number ENG-108456
020 ## - INTERNATIONAL STANDARD BOOK NUMBER
International Standard Book Number 9788132111382
Terms of availability 650.00
035 ## - SYSTEM CONTROL NUMBER
System control number EN-91989
037 ## - SOURCE OF ACQUISITION
Source of stock number/acquisition DBAD/PUB
082 00 - DEWEY DECIMAL CLASSIFICATION NUMBER
Classification number 305.40954
Edition number 23
100 1# - MAIN ENTRY--PERSONAL NAME
Personal name Deka, Meeta
245 10 - TITLE STATEMENT
Title Women's agency and social change :
Remainder of title Assam and beyond /
Statement of responsibility, etc by Meeta Deka
260 ## - PUBLICATION, DISTRIBUTION, ETC. (IMPRINT)
Place of publication, distribution, etc New Delhi
Name of publisher, distributor, etc SAGE Publications
Date of publication, distribution, etc 2013
270 ## - ADDRESS
Address B1/I-1 Mohan Cooperative Industrial Area, Mathura Road
City New Delhi
Postal code 110044
300 ## - PHYSICAL DESCRIPTION
Extent xxvii,200p.
Dimensions 22cm(Hb)
490 0# - SERIES STATEMENT
Series statement Sage studies on India's North East
500 ## - GENERAL NOTE
General note Includes bibliographical references and index.
505 0# - FORMATTED CONTENTS NOTE
Formatted contents note Women and society -- Women and law -- Women and economy: marginalization, alienation and agency -- Changing patriarchy and women's space in politics -- Conclusion.
650 #0 - SUBJECT ADDED ENTRY--TOPICAL TERM
Topical term or geographic name as entry element Women
Geographic subdivision India.
650 #0 - SUBJECT ADDED ENTRY--TOPICAL TERM
Topical term or geographic name as entry element Women
General subdivision Political activity
Geographic subdivision India.
650 #0 - SUBJECT ADDED ENTRY--TOPICAL TERM
Topical term or geographic name as entry element Feminism
Geographic subdivision India.
650 #0 - SUBJECT ADDED ENTRY--TOPICAL TERM
Topical term or geographic name as entry element Social change
Geographic subdivision India.
942 ## - ADDED ENTRY ELEMENTS (KOHA)
Source of classification or shelving scheme Dewey Decimal Classification
Item type English Books
Classification part 305.40954
Call number suffix DEK
Holdings
Withdrawn status Lost status Not for loan Collection code Home library Current library Date acquired Source of acquisition Cost, normal purchase price Full call number Barcode Copy number Cost, replacement price Koha item type
    Not For Loan Non-fiction D.B.Act.Division D.B.Act.Division 20/02/2014 DBAD/PUB 650.00 305.40954 DEK EN-91989 1 650.00 English Books

© Delhi Public Library
Hit Counter
free hit counter